000
00224 a2200097 4500
001
45777
100
_a
Hill M
245
_a
Year book of science and technology
260
_a
New York
_b
McGraw-Hill
_c
090
_c
28901
_d
28901
942
_a
NUST-CAE
_c
M
_c
21004
999
_c
280850
_d
280850